Представление документа в формате MARC21

ПолеНазваниеЗначение
  Тип записи a
  Библиографический уровень m
001 Контрольный номер RU/URAIT/589630
005 Дата корректировки 20260429163659.6
008 Кодируемые данные 260429s2026 RU y f j 000 0 rus u
020 Индекс ISBN __
a ISBN 978-5-534-18764-9
c Цена, тираж 429.00
040 Источник каталогиз. __
a Служба первич. каталог. ИКО Юрайт
c Служба, преобразующая запись ИКО Юрайт
e Правила каталог. RCR
041 Код языка издания __
a Код языка текста rus
044 Код страны публикации __
a Код страны публикации RU
080 Индекс УДК __
a Индекс УДК 66.01(075.8)
084 Индекс другой классификации/Индекс ББК __
2 Источник индекса rubbk
a Индекс другой классификации/Индекс ББК 35.11я73
100 Автор __
a Автор Игнатенков В. И.
q Полное имя Игнатенков Владимир Иванович
245 Заглавие __
a Заглавие Химические процессы и реакторы
b Продолж. заглавия учебник для вузов
c Ответственность В. И. Игнатенков.
256 Характеристики компьютерного файла __
a Характеристики компьютерного файла Электрон. дан.
260 Выходные данные __
a Место издания Москва
b Издательство Юрайт
c Дата издания 2026
300 Физическое описание __
a Объем 117 с
440 Серия __
a Серия Высшее образование
500 Примечания __
a Примечание URL: https://urait.ru/bcode/589630 (дата обращения: 29.04.2026).
520 Аннотация __
a Аннотация В курсе рассматривается влияние стехиометрических, термодинамических и кинетических закономерностей на химическое превращение с целью более полной переработки исходного компонента и получения наибольшего выхода целевого продукта. Химическое превращение осуществляется в реакторах разного типа или в разных системах одноимённых реакторов. Выбор типа реактора или системы реакторов зависит от интенсивности единичного реактора или системы реакторов, а также от выхода целевого продукта. Курс соответствует требованиям Федерального государственного стандарта высшего образования. Данный курс предназначен для студентов химико-технологических факультетов ВУЗов, а также будет полезен при изучении других курсов по химической технологии.
538 Прим. о системных особенностях __
a Прим. о системных особенностях Режим доступа: Электронно-библиотечная система Юрайт, для авториз. пользователей
653 Ключевые слова __
a Ключевые слова Общая химия
653 Ключевые слова __
a Ключевые слова Естественные науки
653 Ключевые слова __
a Ключевые слова Химические процессы и реакторы
653 Ключевые слова __
a Ключевые слова Химические реакторы
653 Ключевые слова __
a Ключевые слова Химические реакторы производств нитропродуктов
653 Ключевые слова __
a Ключевые слова Химические реакторы, топливные элементы, электрохимические установки
653 Ключевые слова __
a Ключевые слова Химические процессы химической технологии
653 Ключевые слова __
a Ключевые слова Химические реакторы газо- и нефтехимии
653 Ключевые слова __
a Ключевые слова Общая химическая технология и химические реакторы
653 Ключевые слова __
a Ключевые слова Химические реакторы и макрокинетика
856 Электронный адрес документа 40
n Местонахождение сервера Юрайт
g Электронная книга
q Тип электронного формата html
h Имя пользователя ЮРАЙТ
v Часы доступа к ресурсу 20271231
2 Способ доступа Показать документ
x Служебное примечание https://urait.ru/book/cover/CBBCB9C7-1CC2-4415-9D8D-AFDCA8342302
u URL https://urait.ru/bcode/589630
856 Электронный адрес документа 48
q Тип электронного формата cover
u URL https://urait.ru/book/cover/CBBCB9C7-1CC2-4415-9D8D-AFDCA8342302
911 __
u 0030=https://urait.ru/bcode/589630
911 __
u 073a=9785534187649
u 073d=429.00
911 __
u 106a=s
911 __
u 900l=
952 Тип литературы __
i Дисциплина Химические процессы и реакторы
952 Тип литературы __
i Дисциплина Химические реакторы
952 Тип литературы __
i Дисциплина Химические реакторы производств нитропродуктов
952 Тип литературы __
i Дисциплина Химические реакторы, топливные элементы, электрохимические установки
952 Тип литературы __
i Дисциплина Химические процессы химической технологии
952 Тип литературы __
i Дисциплина Химические реакторы газо- и нефтехимии
952 Тип литературы __
i Дисциплина Общая химическая технология и химические реакторы
952 Тип литературы __
i Дисциплина Химические реакторы и макрокинетика